| 000 | 00328nam a2200121Ia 4500 | ||
|---|---|---|---|
| 008 | 210430s9999 xx 000 0 und d | ||
| 082 | _a621.31244 K9211P | ||
| 100 |
_aFrederik _954397 |
||
| 245 |
_aPolymer Photovoltaics A Practical Approach _cFrederik |
||
| 260 |
_aUSA _bspie pRESS _c2008 |
||
| 300 | _a315 P | ||
| 942 |
_cBK _2ddc |
||
| 999 |
_c564972 _d564972 |
||